000 01024nam a2200229Ia 4500
999 _c56150
_d56150
001 23251
003 GE_BSU
005 20251118145909.0
008 181216s1969||||ge |||||||||||||| ||geo||
040 _cGE_BSU
041 _ageo
080 _a327(100)(094.2) + 94(100)"1939-1945 თ-43
245 _aთეირანი-იალტა-პოტსდამი :
_b დოკუმ. კრებული /
_cრედ. მ. კორძახია.
264 _aთბილისი :
_bსაბჭ. საქართველო,
_c1969.
300 _a438 გვ. ;
_c20 სმ.
541 _h1ლ. 74თ.
653 _aთეირანი-იალტა-პოტსდამი : დოკუმ. კრებული
653 _aსაერთაშორისო ხელშეკრულებები
653 _a სამშვიდობო მოლაპარაკებები
700 _aკორძახია, მ.
_eრედაქტორი
_926260
942 _cBK
_2udc